| 000 | 00442cam a2200181ua 4500 | ||
|---|---|---|---|
| 020 | _cRs 7.00 | ||
| 041 |
_aeng _h |
||
| 082 |
_a535 _bRAM/TE |
||
| 100 | _aRamamoorthy, S . | ||
| 245 |
_aText Book of light / _cS Ramamoorthy. _hTextual Documents |
||
| 250 |
_a4 / _b. |
||
| 260 |
_aChennai : _bNational Publishing House , _c1964. |
||
| 300 | _a486 ; . | ||
| 365 | _aRs 7.00 | ||
| 504 | _a | ||
| 942 | _cBK | ||
| 999 |
_c4122 _d4122 |
||